| 000 | 03151cam a2200469 a 4500 | ||
|---|---|---|---|
| 001 | 16915199 | ||
| 005 | 20120206140511.0 | ||
| 008 | 110811s2012 maua 001 0 eng | ||
| 010 | _a 2011029199 | ||
| 020 | _a9780123747501 (pbk.) | ||
| 040 |
_aDLC _cDLC |
||
| 042 | _apcc | ||
| 050 | 0 | 0 |
_aQA76.9.C643 _bH46 2012 |
| 082 | 0 | 0 |
_a004.22 _223 _bPAT |
| 100 | 1 |
_aPatterson, David A. _929321 |
|
| 245 | 1 | 0 |
_aComputer Organization and Design : _bThe Hardware/Software Interface / _cDavid A. Patterson, John L. Hennessy. |
| 250 | _a4th ed. | ||
| 260 |
_aWaltham, MA : _bMorgan Kaufmann, _c2012. |
||
| 300 |
_axxv, 703 p. : _bill. (some col.) ; _c25 cm. + _e1CD-ROM |
||
| 490 | 0 |
_aThe Morgan Kaufmann series in computer architecture and design _929322 |
|
| 500 | _aRev. ed. of: Computer organization and design / John L. Hennessy, David A. Patterson. 1998. | ||
| 500 | _aIncludes index. | ||
| 505 | 8 | _aMachine generated contents note: Computer Abstractions and Technology Instructions: Language of the Computer Arithmetic for Computers Assessing and Understanding Performance The Processor Enhancing Performance with Pipelining Large and Fast: Exploiting Memory Hierarchy Storage, Networks and Other Peripherals Multiprocessors and Clusters Mapping Control to Hardware A Survey of RISC Architectures for Desktop, Server, and Embedded Computers. | |
| 520 | _a"Presents the fundamentals of hardware technologies, assembly language, computer arithmetic, pipelining, memory hierarchies and I/O"-- | ||
| 650 | 0 |
_aComputer organization. _929323 |
|
| 650 | 0 |
_aComputer engineering. _929324 |
|
| 650 | 0 |
_aComputer interfaces. _929325 |
|
| 653 |
_bCS _cMarch2012 |
||
| 700 | 1 |
_aHennessy, John L. _929326 |
|
| 700 | 1 |
_aHennessy, John L. _tComputer organization and design. _929327 |
|
| 942 |
_2ddc _cBB |
||
| 999 |
_c16568 _d16568 |
||